Evangelisch in Bonn: ein Lese- und Bilderbuch
| Contributors: | ; |
|---|---|
| Format: | Print Book |
| Language: | German |
| Subito Delivery Service: | Order now. |
| Check availability: | HBZ Gateway |
| WorldCat: | WorldCat |
| Interlibrary Loan: | Interlibrary Loan for the Fachinformationsdienste (Specialized Information Services in Germany) |
| Published: |
Rheinbach
CMZ
[2016]
|
| In: | Year: 2016 |
| Standardized Subjects / Keyword chains: | B
Bonn
/ Protestantism
/ History
B Bonn / Protestant / Historical figure / Place of work B Bonn / Church building / Protestant Church |
| Further subjects: | B
Leader
|
| Online Access: |
Table of Contents |
MARC
| LEADER | 00000cam a2200000 c 4500 | ||
|---|---|---|---|
| 001 | 860244423 | ||
| 003 | DE-627 | ||
| 005 | 20251224202009.0 | ||
| 007 | tu | ||
| 008 | 160620s2016 gw ||||| 00| ||ger c | ||
| 015 | |a 16,N22 |2 dnb | ||
| 016 | 7 | |a 1101601140 |2 DE-101 | |
| 020 | |a 9783870621803 |c : Broschur : EUR 19.90 (DE), EUR 20.50 (AT) |9 978-3-87062-180-3 | ||
| 020 | |a 387062180X |c : Broschur : EUR 19.90 (DE), EUR 20.50 (AT) |9 3-87062-180-X | ||
| 024 | 3 | |a 9783870621803 | |
| 035 | |a (DE-627)860244423 | ||
| 035 | |a (DE-576)470837640 | ||
| 035 | |a (DE-599)DNB1101601140 | ||
| 035 | |a (OCoLC)951117826 | ||
| 040 | |a DE-627 |b ger |c DE-627 |e rda | ||
| 041 | |a ger | ||
| 044 | |c XA-DE-NW | ||
| 082 | 0 | |a 284.09435518 |q DE-101 |2 22/ger | |
| 082 | 0 | 4 | |a 910 |
| 082 | 0 | 4 | |a 230 |a 720 |a 914.3 |q DE-101 |
| 084 | |a 8,1 |2 ssgn | ||
| 245 | 0 | 0 | |a Evangelisch in Bonn |b ein Lese- und Bilderbuch |c herausgegeben von Joachim Gerhardt und Eckart Wüster |
| 263 | |a 201605 | ||
| 264 | 1 | |a Rheinbach |b CMZ |c [2016] | |
| 300 | |a 256 Seiten |b Illustrationen, Karten |c 20,5 cm x 12,5 cm, 420 g |e Karten-Beilage | ||
| 336 | |a Text |b txt |2 rdacontent | ||
| 337 | |a ohne Hilfsmittel zu benutzen |b n |2 rdamedia | ||
| 338 | |a Band |b nc |2 rdacarrier | ||
| 601 | |a Evangeliar | ||
| 601 | |a Bilderbuch | ||
| 655 | 7 | |a Führer |0 (DE-588)4155569-7 |0 (DE-627)10551487X |0 (DE-576)20982008X |2 gnd-content | |
| 689 | 0 | 0 | |d g |0 (DE-588)4007666-0 |0 (DE-627)106372270 |0 (DE-576)208871632 |2 gnd |a Bonn |
| 689 | 0 | 1 | |d s |0 (DE-588)4047538-4 |0 (DE-627)106194321 |0 (DE-576)20907387X |2 gnd |a Protestantismus |
| 689 | 0 | 2 | |q z |2 gnd |a Geschichte |
| 689 | 0 | |5 DE-101 | |
| 689 | 1 | 0 | |d g |0 (DE-588)4007666-0 |0 (DE-627)106372270 |0 (DE-576)208871632 |2 gnd |a Bonn |
| 689 | 1 | 1 | |d s |0 (DE-588)4130730-6 |0 (DE-627)105700304 |0 (DE-576)209621451 |2 gnd |a Protestant |
| 689 | 1 | 2 | |d s |0 (DE-588)4025111-1 |0 (DE-627)104400900 |0 (DE-576)208959254 |2 gnd |a Historische Persönlichkeit |
| 689 | 1 | 3 | |d s |0 (DE-588)4504906-3 |0 (DE-627)245343288 |0 (DE-576)213122758 |2 gnd |a Wirkungsstätte |
| 689 | 1 | |5 DE-101 | |
| 689 | 2 | 0 | |d g |0 (DE-588)4007666-0 |0 (DE-627)106372270 |0 (DE-576)208871632 |2 gnd |a Bonn |
| 689 | 2 | 1 | |d s |0 (DE-588)4073436-5 |0 (DE-627)104791268 |0 (DE-576)209190450 |2 gnd |a Kirchenbau |
| 689 | 2 | 2 | |d s |0 (DE-588)4015833-0 |0 (DE-627)106335138 |0 (DE-576)208913718 |2 gnd |a Evangelische Kirche |
| 689 | 2 | |5 DE-101 | |
| 700 | 1 | |e HerausgeberIn |0 (DE-588)128766700 |0 (DE-627)379138832 |0 (DE-576)297322427 |4 edt |a Gerhardt, Joachim |d 1967- | |
| 700 | 1 | |e HerausgeberIn |0 (DE-588)1104188546 |0 (DE-627)861688074 |0 (DE-576)470836393 |4 edt |a Wüster, Eckart |d 1954- | |
| 856 | 4 | 2 | |u http://d-nb.info/1101601140/04 |m B:DE-101 |q application/pdf |3 Inhaltsverzeichnis |7 1 |
| 951 | |a BO | ||
| ACO | |a 1 | ||
| ELC | |b 1 | ||
| ORI | |a SA-MARC-ixtheob001.raw | ||
| REF | |a Evangelische Kirchengeschichte | ||
| REL | |a 1 | ||
| SPR | |a 1 |t IXT | ||
| STA | 0 | 0 | |a Church building,Church building,Church space,Architecture,Liturgical space,Church architecture,Historical figure,Historical personage,History,History,History in art,Place of work,Protestant,Protestant Church,Protestant Church,Protestant Church,Evangelical Church,Protestantism,Protestantism |
| STB | 0 | 0 | |a Histoire,Histoire,Histoire,Lieu d’exercice,Lieu d'activité,Lieu d'activité,Personnage historique,Protestant,Protestantisme,Protestantisme,Église protestante,Église protestante,Église,Église,Architecture religieuse |
| STC | 0 | 0 | |a Historia,Historia,Historia,Iglesia evangélica,Iglesia evangélica,Iglesia,Iglesia,Lugar de actividad,Personaje histórico,Protestante,Protestantismo,Protestantismo |
| STD | 0 | 0 | |a Area dell'operato,Chiesa evangelica,Chiesa evangelica,Edificio della chiesa <motivo>,Edificio della chiesa,Chiesa (edificio),Chiesa,Chiesa (edificio, motivo),Chiesa,Personaggio storico,Protestante,Protestantesimo,Protestantesimo,Storia,Storia |
| STE | 0 | 0 | |a 历史,史,历史人物,基督新教,基督新教,抗罗宗,更正教,抗罗宗,更正教,基督新教徒,抗罗宗信徒,更正教徒,教堂建筑,教堂建筑,礼拜堂,教堂,礼拜堂,教堂,新教教会 |
| STF | 0 | 0 | |a 基督新教,基督新教,抗羅宗,更正教,抗羅宗,更正教,基督新教徒,抗羅宗信徒,更正教徒,教堂建築,教堂建築,禮拜堂,教堂,禮拜堂,教堂,新教教會,歷史,史,歷史人物 |
| STG | 0 | 0 | |a História,História,Igreja evangélica,Igreja evangélica,Igreja,Igreja,Lugar de atividade,Personagem histórico,Protestante,Protestantismo,Protestantismo |
| STH | 0 | 0 | |a Евангелическая церковь (мотив),Евангелическая церковь,Историческая личность,История (мотив),История,Место деятельности,Протестант,Протестантизм,Протестантизм,Протестантство,Протестантство (мотив),Строение церкви (мотив),Строение церкви |
| STI | 0 | 0 | |a Εκκλησιαστικό κτήριο <μοτίβο>,Εκκλησιαστικό κτήριο,Εκκλησία (κτήριο),Εκκλησία (κτήριο, μοτίβο),Ευαγγελική Εκκλησία (μοτίβο),Ευαγγελική Εκκλησία,Ιστορία (μοτίβο),Ιστορία,Ιστορική προσωπικότητα,Προτεστάντης,Προτεσταντισμός (μοτίβο),Προτεσταντισμός,Χώρος εργασίας |
| SUB | |a REL | ||
| SYG | 0 | 0 | |a Stadtkreis Bonn,Castra Bonnensia,Bonna,Bundesstadt Bonn,Stadt Bonn,Bundeshauptstadt Bonn , Protestantism,Calvinismus,Evangelicalism,Evangelismus,Hugenotten,Lutheraner,Mennoniten,Pietismus,Puritans , History,Geschichtliche Epoche,Historical development,Historische Entwicklung,Landesgeschichte,Regionalgeschichte,Ortsgeschichte,Zeitgeschichte , Stadtkreis Bonn,Castra Bonnensia,Bonna,Bundesstadt Bonn,Stadt Bonn,Bundeshauptstadt Bonn , Evangelischer Christ , Historische Person,Geschichtliche Persönlichkeit,Grosse Persönlichkeit,Historische Gestalt,Historische Größe , Stadtkreis Bonn,Castra Bonnensia,Bonna,Bundesstadt Bonn,Stadt Bonn,Bundeshauptstadt Bonn , Gotteshaus,Kirche <Gebäude>,Kirchengebäude,Kirchenraum,Kirchen <Gebäude>,Gotteshaus,Kirche,Kirchengebäude,Kirchenraum,Kirchen , Evangelische Kirche in Karlsruhe , Protestant Church,Eglise protestante , Waldkapelle Klosterreichenbach,Petruskirche Heselbach,Drei-Meister-Kirche Helmershausen,Ev. Kirche,Evangelische Stadtkirche,Sankt Nikolaus,Nikolaikirche Elmshorn,Sankt Gereon,Schurwald-Kirchlein Aichschiess,Sankt Gereon und Margaretha,Evangelische Kirche Werden |



